000 00692nam a22002537a 4500
003 OSt
005 20220924113449.0
006 a|||||r|||| 00| 0
007 ta
008 220923b |||||||| |||| 00| 0 eng d
024 _a150710
037 _cGeneral Books
040 _aARTS
_cARTS
_beng
041 _2eng
_aeng
082 _aY15w2,N7, [L8](RR)
100 _aVerma H N
_942775
245 0 _aEminent Indian women
260 _aNew Delhi
_b Great Indian Publications
_c1978
300 _a177p.
650 _aSOCIOLOGY
700 _a Verma Amrit
_942776
942 _hY15w2,N7, [L8](RR)
_cGB
_2CC
999 _c389786
_d389786